00926nam a22002657a 450000500170000001000130001702000220003003500130005203700160006504000120008108200150009310000270010824500560013525000110019126000350020227000400023730000210027749000390029850000500033765000440038765000260043194200240045799900190048195201600050020170124110007.0 aA-143311 c00.00a0043520626 aA-143311 bCen Lib/Ret aDPLbEN a352.1bHEP aHepworth, N. P.917005 aThe finance of local government /cby N.P. Hepworth a3rd ed bGeorge Allen & Unwin Ltdc1976 bLondonaRuskin House, Museum Street a304p. c20cm(Hb) aThe new local govenment series v6 aIncludes bibliographical references and index aLocal finance -- Great Britain. 917006 aGreat Britain.974345 2ddccENh352.1mHEP c126236d126236 04104070aLbLd2015-06-25eCen Lib/Retg0.00l0o352.1 HEPpA-143311r2015-06-25 00:00:00t1v0.00w2015-06-25yENzW/d List No. 6886/8 ; dtd 07/09/2020